UITU Library & LRC     Book GIFs | Tenor

Analyzing sentences: an introduction to English syntax (Record no. 17719)

MARC details
000 -LEADER
fixed length control field 00587nam a2200217Ia 4500
003 - CONTROL NUMBER IDENTIFIER
control field OSt
005 - DATE AND TIME OF LATEST TRANSACTION
control field 20240621124301.0
008 - FIXED-LENGTH DATA ELEMENTS--GENERAL INFORMATION
fixed length control field 230616s9999 xx 000 0 und d
020 ## - INTERNATIONAL STANDARD BOOK NUMBER
International Standard Book Number 9780367633752
040 ## - CATALOGING SOURCE
-- sd
082 ## - DEWEY DECIMAL CLASSIFICATION NUMBER
Classification number 428.2 BUR
100 ## - MAIN ENTRY--PERSONAL NAME
Personal name Burton-Roberts, Noel
245 #0 - TITLE STATEMENT
Title Analyzing sentences: an introduction to English syntax
250 ## - EDITION STATEMENT
Edition statement 5th
260 ## - PUBLICATION, DISTRIBUTION, ETC.
Place of publication, distribution, etc. New York:
Name of publisher, distributor, etc. Routledge Taylor & Francis Group,
Date of publication, distribution, etc. 2022
300 ## - PHYSICAL DESCRIPTION
Other physical details 270p.
Type of unit Original
520 ## - SUMMARY, ETC.
Summary, etc. Include Index
600 ## - SUBJECT ADDED ENTRY--PERSONAL NAME
Personal name 400 Language
650 ## - SUBJECT ADDED ENTRY--TOPICAL TERM
Topical term or geographic name entry element Humanities and Natural sciences
942 ## - ADDED ENTRY ELEMENTS (KOHA)
Koha item type BOOKS
Source of classification or shelving scheme Dewey Decimal Classification
Holdings
Date last seen Total Checkouts Barcode Price effective from Koha item type Lost status Damaged status Not for loan Withdrawn status Home library Current library Date acquired Source of acquisition Cost, normal purchase price
06/16/2023   Q15725   BOOKS         UITU UITU 05/22/2023 Global Link 8651.64